|
|
|
|
| LEADER |
00000cas a2200000 a 4500 |
| 001 |
vtls008901239 |
| 003 |
SK-MaSNL |
| 005 |
20260228162322.0 |
| 008 |
061219c20039999xo br|p 0 b0slo |
| 022 |
|
|
|a 1336-376X
|
| 040 |
|
|
|a SNK
|b slo
|c SNK
|e AACR2
|
| 041 |
0 |
|
|a slo
|
| 044 |
|
|
|a xo
|c SK
|
| 072 |
|
7 |
|a 79
|x Rekreácia. Voľný čas. Zábavy. Hry. Šport
|2 konspekt
|
| 072 |
|
7 |
|a 37
|x Výchova a vzdelávanie
|2 konspekt
|
| 080 |
|
|
|a 793.7
|2 2011
|
| 080 |
|
|
|a 050
|2 2011
|
| 080 |
|
|
|a 379.8
|2 2011
|
| 080 |
|
|
|a 379.8(051)
|2 2011
|
| 210 |
0 |
|
|a Osemsmer. cesty
|
| 222 |
|
0 |
|a Osemsmerovky na cesty
|
| 245 |
0 |
0 |
|a Osemsmerovky na cesty
|
| 260 |
|
|
|a Prievidza
|b Sander Media
|c 2003-2012
|
| 260 |
|
|
|a 3 2012-
|a Bojnice
|b Avionaut
|
| 300 |
|
|
|a zv.
|c 21 cm
|
| 310 |
|
|
|a 6x ročne
|
| 362 |
0 |
|
|a Roč. 1, č. nov.-dec. (2003)-
|
| 490 |
1 |
|
|a Mám to!
|
| 500 |
|
|
|a Registračné č.: 3062/2003 ; EV 1592/08
|
| 500 |
|
|
|a Šéfred.: 2003-jan.-febr./2013, Bibiana Lajčiaková ; č. mar.-apr./2013-jan.-febr./2017, Marián Hraňo ; mar.-apr./2017- , Simona Hraňová
|
| 650 |
0 |
7 |
|a osemsmerovky
|2 SNKPH
|9 265590
|
| 650 |
0 |
7 |
|a voľný čas
|2 SNKPH
|9 3355
|
| 655 |
|
7 |
|a časopisy pre voľný čas
|2 SNKPH
|9 70337
|
| 700 |
1 |
|
|a Lajčiaková, Bibiana
|4 pbd
|9 268066
|
| 700 |
1 |
|
|a Hraňo, Marián
|4 pbd
|9 268473
|
| 700 |
1 |
|
|a Hraňová, Simona
|4 pbd
|9 268475
|
| 830 |
|
0 |
|a Mám to!
|9 268474
|
| 910 |
|
|
|a snk
|
| 999 |
|
|
|c 7549
|d 9479
|
| 952 |
|
|
|0 0
|1 0
|4 0
|7 0
|8 0
|a SNK
|b SNK
|d 2021-07-30
|i snk2021/9518
|l 0
|o snkČSC 3687/18/2020
|p 17A1434888
|r 2026-02-21 19:52:38
|t č. jan.-dec.
|w 2026-02-21
|y PREZ
|
| 952 |
|
|
|0 0
|1 0
|4 0
|7 0
|8 0
|a SNK
|b SNK
|d 2025-10-01
|i snk2025/15435
|l 0
|o snkČSC 3687/19/2021
|p 17A1557958
|r 2026-02-21 20:03:07
|t č. 1-6
|w 2026-02-21
|y PREZ
|
| 952 |
|
|
|0 0
|1 0
|4 0
|7 0
|8 0
|a SNK
|b SNK
|d 2025-10-01
|i snk2025/15436
|l 0
|o snkČSC 3687/20/2022
|p 17A1557959
|r 2026-02-21 20:03:07
|t č. 1-6
|w 2026-02-21
|y PREZ
|
| 952 |
|
|
|0 0
|1 0
|4 0
|7 0
|8 0
|a SNK
|b SNK
|d 2025-10-01
|i snk2025/15438
|l 0
|o snkČSC 3687/21/2023
|p 17A1557960
|r 2026-02-21 20:03:07
|t č. 1-6
|w 2026-02-21
|y PREZ
|
| 952 |
|
|
|0 0
|1 0
|4 0
|7 0
|8 0
|a SNK
|b SNK
|d 2025-10-01
|i snk2025/15439
|l 0
|o snkČSC 3687/22/2024
|p 17A1557961
|r 2026-02-21 20:03:07
|t č. 1-6
|w 2026-02-21
|y PREZ
|
| 952 |
|
|
|0 0
|1 0
|4 0
|7 0
|8 0
|a SNK
|b SNK
|d 2017-02-27
|i snk2017/5320
|l 0
|o snkČSC 3687/8/2010
|p 17A1148290
|r 2026-02-21 21:55:04
|t č. jan.-dec., neúplné
|w 2026-02-21
|y PREZ
|z Chýba č. júl-august
|
| 952 |
|
|
|0 0
|1 0
|4 0
|7 0
|8 0
|a SNK
|b SNK
|d 2017-02-27
|i snk2017/5325
|l 0
|o snkČSC 3687/9/2011
|p 17A1148291
|r 2026-02-21 21:55:04
|t č. jan.-dec.
|w 2026-02-21
|y PREZ
|
| 952 |
|
|
|0 0
|1 0
|4 0
|7 0
|8 0
|a SNK
|b SNK
|d 2017-02-27
|i snk2017/5297
|l 0
|o snkČSC 3687/1/2003
|p 17A1148283
|r 2026-02-21 21:55:06
|t č. nov.-dec.
|w 2026-02-21
|y PREZ
|
| 952 |
|
|
|0 0
|1 0
|4 0
|7 0
|8 0
|a SNK
|b SNK
|d 2017-02-27
|i snk2017/5307
|l 0
|o snkČSC 3687/2/2004
|p 17A1148284
|r 2026-02-21 21:55:07
|t č. jan.-dec.
|w 2026-02-21
|y PREZ
|
| 952 |
|
|
|0 0
|1 0
|4 0
|7 0
|8 0
|a SNK
|b SNK
|d 2017-02-27
|i snk2017/5310
|l 0
|o snkČSC 3687/3/2005
|p 17A1148285
|r 2026-02-21 21:55:07
|t č. jan.-dec.
|w 2026-02-21
|y PREZ
|
| 952 |
|
|
|0 0
|1 0
|4 0
|7 0
|8 0
|a SNK
|b SNK
|d 2017-02-27
|i snk2017/5312
|l 0
|o snkČSC 3687/4/2006
|p 17A1148286
|r 2026-02-21 21:55:07
|t č. jan.-dec.
|w 2026-02-21
|y PREZ
|
| 952 |
|
|
|0 0
|1 0
|4 0
|7 0
|8 0
|a SNK
|b SNK
|d 2017-02-27
|i snk2017/5314
|l 0
|o snkČSC 3687/5/2007
|p 17A1148287
|r 2026-02-21 21:55:07
|t č. jan.-dec.
|w 2026-02-21
|y PREZ
|
| 952 |
|
|
|0 0
|1 0
|4 0
|7 0
|8 0
|a SNK
|b SNK
|d 2017-02-27
|i snk2017/5332
|l 0
|o snkČSC 3687/10/2012
|p 17A1148292
|r 2026-02-21 21:55:07
|t č. jan.-dec.
|w 2026-02-21
|y PREZ
|
| 952 |
|
|
|0 0
|1 0
|4 0
|7 0
|8 0
|a SNK
|b SNK
|d 2017-02-27
|i snk2017/5347
|l 0
|o snkČSC 3687/11/2013
|p 17A1148293
|r 2026-02-21 21:55:46
|t č. jan.-dec.
|w 2026-02-21
|y PREZ
|
| 952 |
|
|
|0 0
|1 0
|4 0
|7 0
|8 0
|a SNK
|b SNK
|d 2017-02-27
|i snk2017/5348
|l 0
|o snkČSC 3687/12/2014
|p 17A1148294
|r 2026-02-21 21:55:46
|t č. jan.-dec.
|w 2026-02-21
|y PREZ
|
| 952 |
|
|
|0 0
|1 0
|4 0
|7 0
|8 0
|a SNK
|b SNK
|d 2017-02-27
|i snk2017/5349
|l 0
|o snkČSC 3687/13/2015
|p 17A1148295
|r 2026-02-21 21:55:46
|t č. jan.-dec.
|w 2026-02-21
|y PREZ
|
| 952 |
|
|
|0 0
|1 0
|4 0
|7 0
|8 0
|a SNK
|b SNK
|d 2017-02-27
|i snk2017/5317
|l 0
|o snkČSC 3687/6/2008
|p 17A1148288
|r 2026-02-21 21:55:48
|t č. jan.-dec., neúplné
|w 2026-02-21
|y PREZ
|z Chýba č. jan.-dec.
|
| 952 |
|
|
|0 0
|1 0
|4 0
|7 0
|8 0
|a SNK
|b SNK
|d 2017-02-27
|i snk2017/5318
|l 0
|o snkČSC 3687/7/2009
|p 17A1148289
|r 2026-02-21 21:55:48
|t č. jan.-dec.
|w 2026-02-21
|y PREZ
|
| 952 |
|
|
|0 0
|1 0
|4 0
|7 0
|8 0
|a SNK
|b SNK
|d 2020-07-13
|i snk2020/12572
|l 0
|o snkČSC 3687/14/2016
|p 17A1431139
|r 2026-02-21 22:02:02
|t č. jan.-dec.
|w 2026-02-21
|y PREZ
|
| 952 |
|
|
|0 0
|1 0
|4 0
|7 0
|8 0
|a SNK
|b SNK
|d 2020-07-13
|i snk2020/12573
|l 0
|o snkČSC 3687/15/2017
|p 17A1431140
|r 2026-02-21 22:02:02
|t č. jan.-dec.
|w 2026-02-21
|y PREZ
|
| 952 |
|
|
|0 0
|1 0
|4 0
|7 0
|8 0
|a SNK
|b SNK
|d 2020-07-13
|i snk2020/12574
|l 0
|o snkČSC 3687/16/2018
|p 17A1431141
|r 2026-02-21 22:02:02
|t č. jan.-dec.
|w 2026-02-21
|y PREZ
|
| 952 |
|
|
|0 0
|1 0
|4 0
|7 0
|8 0
|a SNK
|b SNK
|d 2020-07-13
|i snk2020/12575
|l 0
|o snkČSC 3687/17/2019
|p 17A1431142
|r 2026-02-21 22:02:02
|t č. jan.-dec.
|w 2026-02-21
|y PREZ
|